[Event "Crema op 09th"]
[Site "Crema"]
[Date "2007.09.08"]
[Round "4"]
[White "Martino, Antonio M"]
[Black "Bozuffi, Italo"]
[Result "1-0"]
[WhiteElo "2005"]
[BlackElo "1888"]
[PlyCount "67"]
[EventDate "2007.09.07"]
[EventType "swiss"]
[EventRounds "6"]
[EventCountry "ITA"]
[SourceTitle "EXT 2009"]
[Source "ChessBase"]
[SourceDate "2008.11.26"]
[SourceVersion "1"]
[SourceVersionDate "2008.11.26"]
[SourceQuality "1"]

1. c4 e5 2. Nc3 Nc6 3. g3 Nf6 4. Bg2 a6 5. d3 h6 6. e4 d6 7. Nge2 Be6 8. 0-0 Qc8 9. f4 Bh3 10. f5 Bxg2 11. Kxg2 Qd7 12. h3 0-0-0 13. Rb1 h5 14. b4 Nd4 15. Be3 Nxe2 16. Qxe2 b6 17. a4 Kb7 18. a5 Ra8 19. Rfc1 g6 20. fxg6 fxg6 21. c5 c6 22. Na4 Qf7 23. Nxb6 Rd8 24. Rf1 Bh6 25. Bxh6 Rxh6 26. Nc4 Qe6 27. cxd6 g5 28. Qe3 Nd7 29. Rf5 Rf6 30. Rbf1 Rxf5 31. Rxf5 g4 32. h4 c5 33. Qg5 cxb4 34. Qxd8 1-0

[Event "Crema op 09th"]
[Site "Crema"]
[Date "2007.09.07"]
[Round "2"]
[White "Bozuffi, Italo"]
[Black "Potenza, Gaetano"]
[Result "1-0"]
[WhiteElo "1888"]
[BlackElo "1673"]
[PlyCount "143"]
[EventDate "2007.09.07"]
[EventType "swiss"]
[EventRounds "6"]
[EventCountry "ITA"]
[SourceTitle "EXT 2009"]
[Source "ChessBase"]
[SourceDate "2008.11.26"]
[SourceVersion "1"]
[SourceVersionDate "2008.11.26"]
[SourceQuality "1"]

1. d4 Nf6 2. Nc3 g6 3. e4 d6 4. h3 Bg7 5. Be3 c6 6. Qd2 b5 7. Bd3 b4 8. Nce2 a5 9. Bh6 0-0 10. Bxg7 Kxg7 11. h4 h5 12. Ng3 e5 13. Nf3 Nxe4 14. Nxe4 d5 15. Ng3 e4 16. 0-0-0 exf3 17. gxf3 Qf6 18. Rdg1 Rh8 19. Be2 Ba6 20. Bd1 Nd7 21. f4 Kf8 22. Re1 Bc4 23. b3 Bb5 24. Kb1 Qd6 25. f5 a4 26. fxg6 fxg6 27. Re3 axb3 28. cxb3 Ra7 29. Rhe1 Kf7 30. Re7+ Qxe7 31. Rxe7+ Kxe7 32. Qxb4+ Kf7 33. Ne2 Rha8 34. Nc3 Bf1 35. Qd6 Rc8 36. Bc2 Nf6 37. Qg3 Rg8 38. f3 Re7 39. Kb2 Ba6 40. Qd6 Rc8 41. a4 Re3 42. Qg3 Bd3 43. Qf4 Rce8 44. Bxd3 Rxd3 45. Qc7+ Re7 46. Qxc6 Rxd4 47. Nb5 Rxh4 48. Nd6+ Kg7 49. a5 Rh2+ 50. Ka3 d4 51. Qc5 Ree2 52. Qxd4 Ra2+ 53. Kb4 Rad2 54. Ne8+ Kf7 55. Qxf6+ Kxe8 56. a6 Rhg2 57. a7 Ra2 58. Qc6+ Kf7 59. a8Q Rxa8 60. Qxa8 h4 61. Qb7+ Kf6 62. Qc6+ Kf5 63. Qe4+ Kf6 64. Qxh4+ g5 65. Qh3 Re2 66. Qg4 Re5 67. Kc3 Rf5 68. b4 Rf4 69. Qg3 Kf5 70. b5 Kf6 71. b6 Kg6 72. b7 1-0

[Event "Crema op 06th"]
[Site "Crema"]
[Date "2004.09.04"]
[Round "3"]
[White "Boninsegna, Ferdinando"]
[Black "Bozuffi, Italo"]
[Result "1-0"]
[WhiteElo "1571"]
[BlackElo "1739"]
[PlyCount "97"]
[EventDate "2004.09.03"]
[EventType "swiss"]
[EventRounds "6"]
[EventCountry "ITA"]
[SourceTitle "EXT 2007"]
[Source "ChessBase"]
[SourceDate "2006.11.23"]
[SourceVersion "1"]
[SourceVersionDate "2006.11.23"]
[SourceQuality "1"]

1. e4 Nc6 2. Nc3 e5 3. f4 d6 4. Nf3 Bg4 5. Bc4 Bxf3 6. Qxf3 Nd4 7. Qd1 exf4 8. 0-0 f3 9. Nb5 Ne2+ 10. Bxe2 fxe2 11. Qxe2 Qd7 12. d4 a6 13. Nc3 0-0-0 14. Qf3 f6 15. Nd5 Ne7 16. c4 Nxd5 17. cxd5 Be7 18. Bd2 h5 19. Rfc1 Kb8 20. Rc4 Rc8 21. Rac1 Bd8 22. Qb3 Ka8 23. Ba5 c6 24. Bxd8 Rhxd8 25. dxc6 Rxc6 26. Rxc6 bxc6 27. Qb6 c5 28. dxc5 dxc5 29. Qxa6+ Kb8 30. Qb6+ Ka8 31. Qxc5 Qd2 32. Qc2 Qe3+ 33. Kh1 Qd4 34. h3 Rb8 35. b3 Rb7 36. a4 Qe3 37. Rb1 Kb8 38. b4 Rc7 39. Qb3 Qxe4 40. b5 Rc2 41. Qg8+ Rc8 42. Qb3 Rc2 43. Rg1 Rc4 44. a5 Rd4 45. Qg8+ Kc7 46. Qxg7+ Kc8 47. Rc1+ Rc4 48. Qg8+ Kd7 49. Qxc4 1-0

[Event "Salsomaggiore Terme op 8th"]
[Site "Salsomaggiore Terme"]
[Date "2004.??.??"]
[Round "2"]
[White "Bozuffi, Italo"]
[Black "Dallaglio, Giovanni"]
[Result "1/2-1/2"]
[WhiteElo "1700"]
[BlackElo "2015"]
[PlyCount "119"]
[EventDate "2004.05.??"]
[EventType "swiss"]
[EventRounds "6"]
[EventCountry "ITA"]
[SourceTitle "EXT 2007"]
[Source "ChessBase"]
[SourceDate "2006.11.23"]
[SourceVersion "1"]
[SourceVersionDate "2006.11.23"]
[SourceQuality "1"]

1. f4 d5 2. Nf3 c5 3. e3 Bg4 4. Bb5+ Bd7 5. Bxd7+ Nxd7 6. b3 Ngf6 7. Bb2 e6 8. 0-0 Be7 9. Ne5 0-0 10. Nxd7 Qxd7 11. d3 b5 12. Nd2 Ne8 13. Nf3 f6 14. h3 Nd6 15. g4 a5 16. a4 b4 17. Qe2 Rac8 18. e4 dxe4 19. dxe4 Qc6 20. Rae1 Nf7 21. Nd2 e5 22. Nc4 Qc7 23. fxe5 Nxe5 24. Bxe5 fxe5 25. Rxf8+ Rxf8 26. Rf1 g6 27. Rxf8+ Kxf8 28. Qd3 Bf6 29. Qd5 Kg7 30. Kg2 h6 31. Kf3 h5 32. Qd6 hxg4+ 33. hxg4 Qxd6 34. Nxd6 Bd8 35. Nc4 Kf6 36. Ne3 Ke6 37. Ke2 Kd6 38. Nc4+ Ke6 39. Kd3 Bc7 40. Ne3 Kd6 41. Kc4 Kc6 42. Nd5 Bd8 43. Ne3 Bc7 44. Ng2 Bd8 45. Ne1 Bc7 46. Nd3 Bd6 47. g5 Bc7 48. Nxc5 Bd8 49. Nd3 Bc7 50. Nf2 Bd8 51. Nh3 Be7 52. c3 bxc3 53. Kxc3 Kc5 54. Kd3 Kb4 55. Kc2 Kc5 56. Kc3 Bd8 57. Kd3 Kb4 58. Kc2 Kc5 59. Kc3 Be7 60. Kd3 1/2-1/2

[Event "Rivarolo Mantovano op"]
[Site "Rivarolo Mantovano"]
[Date "2003.10.12"]
[Round "3"]
[White "Bozuffi, Italo"]
[Black "Trazzi, Enrico"]
[Result "1-0"]
[WhiteElo "1570"]
[BlackElo "1642"]
[PlyCount "109"]
[EventDate "2003.10.11"]
[EventType "swiss"]
[EventRounds "6"]
[EventCountry "ITA"]
[SourceTitle "EXT 2007"]
[Source "ChessBase"]
[SourceDate "2006.11.23"]
[SourceVersion "1"]
[SourceVersionDate "2006.11.23"]
[SourceQuality "1"]

1. b3 d5 2. g3 e5 3. Bg2 c6 4. Bb2 Qc7 5. e3 Bd6 6. Ne2 Ne7 7. d3 0-0 8. Nd2 Be6 9. 0-0 Nd7 10. c4 f5 11. Qc2 Rac8 12. f4 e4 13. Qc3 Rf7 14. Nd4 Nc5 15. b4 Na4 16. Qb3 Nxb2 17. Nxe6 Qd7 18. Ng5 Nxd3 19. Nxf7 Kxf7 20. c5 Bc7 21. Bh3 Kf8 22. Nf3 g6 23. Ne1 Nxe1 24. Rfxe1 d4 25. exd4 Qxd4+ 26. Kh1 Nd5 27. a3 a6 28. Rac1 h5 29. Bf1 Rd8 30. Bc4 Qf6 31. Bxd5 Rxd5 32. Rcd1 Qd8 33. Rxd5 Qxd5 34. Qxd5 cxd5 35. Rd1 e3 36. Kg2 e2 37. Re1 Bd8 38. Rxe2 Bf6 39. Rd2 d4 40. Kf3 Ke7 41. Ke2 Kd7 42. Kd3 Bg7 43. h4 Kc6 44. Kc4 Bf6 45. a4 Bg7 46. b5+ axb5+ 47. axb5+ Kd7 48. Kd5 Bf6 49. c6+ bxc6+ 50. bxc6+ Kc7 51. Ra2 Bh8 52. Ra7+ Kb8 53. Rd7 Kc8 54. Kc4 Bf6 55. Rd6 1-0

[Event "Crema op 05th"]
[Site "Crema"]
[Date "2003.09.06"]
[Round "3"]
[White "Mussap, Angelo"]
[Black "Bozuffi, Italo"]
[Result "1-0"]
[WhiteElo "1831"]
[BlackElo "1570"]
[PlyCount "87"]
[EventDate "2003.09.05"]
[EventType "swiss"]
[EventRounds "6"]
[EventCountry "ITA"]
[SourceTitle "EXT 2007"]
[Source "ChessBase"]
[SourceDate "2006.11.23"]
[SourceVersion "1"]
[SourceVersionDate "2006.11.23"]
[SourceQuality "1"]

1. e4 Nc6 2. d4 e5 3. d5 Nce7 4. Nf3 d6 5. Nc3 a6 6. h3 Nf6 7. Bd3 Nd7 8. Be3 Ng6 9. Qd2 Be7 10. 0-0-0 Nc5 11. Be2 b6 12. g4 b5 13. b4 Na4 14. Nxa4 bxa4 15. g5 Bd7 16. h4 Qb8 17. h5 Nf4 18. Bxf4 exf4 19. a3 a5 20. c3 axb4 21. cxb4 Qb6 22. Rh2 c5 23. Qb2 f6 24. h6 cxb4 25. hxg7 Rg8 26. gxf6 Qc5+ 27. Kd2 Qc3+ 28. Qxc3 bxc3+ 29. Kc2 Bxf6 30. Rxh7 0-0-0 31. Rg1 Rde8 32. Rg6 Bd8 33. Bd3 Kb8 34. Nd4 Bb6 35. Nf5 Bxf5 36. exf5 Bd4 37. Re6 Ka7 38. Rxd6 Rb8 39. Ra6+ Kb7 40. Rxa4 Bxg7 41. Rxf4 Ka8 42. Ra4+ Kb7 43. f6 Kc8 44. Rxg7 1-0

[Event "Crema op 05th"]
[Site "Crema"]
[Date "2003.09.05"]
[Round "1"]
[White "Insabato, Giovanbattista"]
[Black "Bozuffi, Italo"]
[Result "1-0"]
[WhiteElo "2122"]
[BlackElo "1570"]
[PlyCount "65"]
[EventDate "2003.09.05"]
[EventType "swiss"]
[EventRounds "6"]
[EventCountry "ITA"]
[SourceTitle "EXT 2007"]
[Source "ChessBase"]
[SourceDate "2006.11.23"]
[SourceVersion "1"]
[SourceVersionDate "2006.11.23"]
[SourceQuality "1"]

1. Nf3 Nc6 2. g3 Nf6 3. Bg2 e5 4. d3 d5 5. Nbd2 Bc5 6. 0-0 0-0 7. e4 Bg4 8. h3 Bh5 9. Re1 dxe4 10. dxe4 Qe7 11. c3 Rad8 12. Qe2 Rd7 13. b4 Bb6 14. a4 a6 15. Nc4 Rfd8 16. g4 Bg6 17. b5 Nxe4 18. Nxb6 Nxc3 19. Qc4 axb5 20. axb5 Na5 21. Rxa5 cxb6 22. Bg5 Qd6 23. Bxd8 bxa5 24. Bxa5 h6 25. Qxc3 f6 26. Nh4 Bf7 27. Bxb7 Be6 28. Nf5 Bxf5 29. gxf5 Kh7 30. Be4 Qb8 31. b6 Qg8 32. b7 Rxb7 33. Bxb7 1-0

[Event "Crema op 04th"]
[Site "Crema"]
[Date "2002.09.08"]
[Round "5"]
[White "Agnelli, Francesco"]
[Black "Bozuffi, Italo"]
[Result "1-0"]
[WhiteElo "2146"]
[BlackElo "1600"]
[PlyCount "86"]
[EventDate "2002.09.06"]
[EventType "swiss"]
[EventRounds "6"]
[EventCountry "ITA"]
[SourceTitle "EXT 2007"]
[Source "ChessBase"]
[SourceDate "2006.11.23"]
[SourceVersion "1"]
[SourceVersionDate "2006.11.23"]
[SourceQuality "1"]

1. e4 c6 2. d4 e6 3. Nf3 Be7 4. Bd3 d6 5. Nc3 h6 6. Qe2 Qb6 7. 0-0 Qc7 8. Bf4 Qb6 9. Na4 Qa5 10. b3 b5 11. Nb2 Qb6 12. c4 a6 13. Rac1 Qa7 14. cxb5 axb5 15. Bxb5 Bd7 16. Ba4 Nf6 17. Nc4 e5 18. dxe5 dxe5 19. Nfxe5 0-0 20. Rfd1 Be6 21. Bxc6 Nxc6 22. Nxc6 Bg4 23. Qd3 Qb7 24. Nxe7+ Kh8 25. Nd5 Bxd1 26. Nxf6 gxf6 27. Rxd1 Rfd8 28. Nd6 Qe7 29. Qh3 Kg8 30. Re1 Rxd6 31. Qg3+ Kh8 32. Bxd6 Qd7 33. Qf4 Rxa2 34. Qxf6+ Kg8 35. Be5 Kf8 36. h3 Qd2 37. Bd6+ Kg8 38. Re3 Ra5 39. Qxh6 Qd1+ 40. Kh2 f6 41. Qg6+ Kh8 42. Qxf6+ Kh7 43. Qf7+ Kh8 1-0

[Event "Crema op 04th"]
[Site "Crema"]
[Date "2002.09.06"]
[Round "2"]
[White "Bozuffi, Italo"]
[Black "Pancioni, Marco"]
[Result "1-0"]
[WhiteElo "1600"]
[BlackElo "1500"]
[PlyCount "141"]
[EventDate "2002.09.06"]
[EventType "swiss"]
[EventRounds "6"]
[EventCountry "ITA"]
[SourceTitle "EXT 2007"]
[Source "ChessBase"]
[SourceDate "2006.11.23"]
[SourceVersion "1"]
[SourceVersionDate "2006.11.23"]
[SourceQuality "1"]

1. e4 e5 2. f4 exf4 3. Nf3 Nf6 4. Nc3 d5 5. exd5 Nxd5 6. Nxd5 Qxd5 7. d4 Bd6 8. Be2 0-0 9. 0-0 b6 10. c4 Qb7 11. Ng5 h6 12. Bf3 c6 13. Ne4 Bc7 14. Qc2 Be6 15. b3 Nd7 16. Ba3 Rfe8 17. Bd6 Nf8 18. Ba3 Ng6 19. Qf2 Rad8 20. Rad1 Rd7 21. Bb2 Qc8 22. Nc3 Bb8 23. Rfe1 Red8 24. Be4 Ne7 25. Ne2 g5 26. d5 c5 27. Qf3 Nf5 28. Rc1 Nd4 29. Nxd4 cxd4 30. dxe6 fxe6 31. Qh3 e5 32. Qe6+ Rf7 33. Qxc8 Rxc8 34. Bd5 Rd8 35. Bxf7+ Kxf7 36. Rcd1 Kf6 37. Kf2 Kf5 38. h3 h5 39. Kf3 g4+ 40. hxg4+ hxg4+ 41. Kf2 Bd6 42. Rh1 Bc5 43. Rh5+ Kf6 44. Kf1 g3 45. Re1 Bd6 46. Re4 Rg8 47. Ke2 Rg5 48. Rxg5 Kxg5 49. Kf3 Kf5 50. Bxd4 exd4 51. Rxd4 Ke6 52. a4 Bc7 53. b4 a6 54. Rd5 a5 55. bxa5 bxa5 56. Rh5 Kd7 57. Rh6 Kc8 58. Rc6 Kb7 59. Rxc7+ Kxc7 60. Kxf4 Kc6 61. Kxg3 Kc5 62. Kf4 Kb4 63. g4 Kxa4 64. g5 Kb4 65. g6 a4 66. g7 a3 67. g8Q a2 68. Qg7 Kxc4 69. Qa1 Kb3 70. Ke3 Ka3 71. Kd3 1-0